आधुनिक विज्ञान और प्रौद्योगिकी / (Record no. 13693)

MARC details
000 -LEADER
fixed length control field 01109nam a22002297a 4500
005 - DATE AND TIME OF LATEST TRANSACTION
control field 20080616143111.0
008 - FIXED-LENGTH DATA ELEMENTS--GENERAL INFORMATION
fixed length control field 080616t xxu||||| |||| 00| 0 eng d
010 ## - LIBRARY OF CONGRESS CONTROL NUMBER
LC control number HIN-83496
020 ## - INTERNATIONAL STANDARD BOOK NUMBER
International Standard Book Number 8171490905
Terms of availability 400.00
035 ## - SYSTEM CONTROL NUMBER
System control number HN-55842
037 ## - SOURCE OF ACQUISITION
Source of stock number/acquisition DBAD / PUB
040 ## - CATALOGING SOURCE
Original cataloging agency DPL
Language of cataloging HN
082 ## - DEWEY DECIMAL CLASSIFICATION NUMBER
Classification number 608 / गर्गसी
100 ## - MAIN ENTRY--PERSONAL NAME
Personal name गर्ग, सी.एल.
245 ## - TITLE STATEMENT
Title आधुनिक विज्ञान और प्रौद्योगिकी /
Statement of responsibility, etc सी.एल.गर्ग
246 ## - VARYING FORM OF TITLE
Title proper/short title Aadhunil vigyan aur prodyogiki
Remainder of title by C. L. Garg
260 ## - PUBLICATION, DISTRIBUTION, ETC. (IMPRINT)
Place of publication, distribution, etc दिल्ली
Name of publisher, distributor, etc साहित्य सहकार
Date of publication, distribution, etc 2007
270 ## - ADDRESS
Address 29/62-बी, गली नं.11, विश्वास नगर
City दिल्ली
Postal code 110032
Telephone number 22385703
300 ## - PHYSICAL DESCRIPTION
Extent 304पृ
Dimensions 22सेमी(सजिल्द)
Other physical details सचित्र
942 ## - ADDED ENTRY ELEMENTS (KOHA)
Koha item type Hindi Books
Source of classification or shelving scheme Dewey Decimal Classification
Classification part 608
Call number suffix गर्गसी
Holdings
Withdrawn status Lost status Damaged status Not for loan Collection code Home library Current library Date acquired Source of acquisition Cost, normal purchase price Total Checkouts Full call number Barcode Date last seen Copy number Cost, replacement price Price effective from Koha item type
      Not For Loan Non-fiction D.B.Act.Division D.B.Act.Division 16/06/2008 पु.प्र.अ.प्र /प्रका 400.00   608 गर्गसी HN-55842 15/09/2008 1 400.00 15/09/2008 Hindi Books

© Delhi Public Library
Hit Counter
free hit counter